000 00868nam a22002417a 4500
003 UA-OsUOA
001 65091
007 ta
008 20091112b un ||||| |||| 00| 0 ukr d
100 _aБорденюк В.
090 _a352/354(477)
_bБ82
942 _cBK
040 _aUA-OsUOA
_bukr
_cUA-OsUOA
_dUA-OsUOA
245 _aМісцеве самоврядування та державне управління: конституційно-правові основи співвідношення та взаємодії
300 _a576 с.
955 _a1
041 _aukr
080 _a352/354(477)
020 _a978-966-611-577-8
260 _aК.
_bПарламентське видавництво
_c2007
650 7 _a35 Державно-адміністративне управління. Військова справа
_2UDC
999 _c351208
_d351208